Biblioteca y Centro de Documentación

The Dynamics of Industrial Concentration in the Regions of the European Union (Registro nro. 37408)

Detalles MARC
000 -CABECERA
Longitud fija campo de control 01239naa a2200349 c 4500
001 - NÚMERO DE CONTROL
Número de control 37408
003 - IDENTIFICADOR DE NÚMERO DE CONTROL
Identificador del número de control ES-MaCES
005 - FECHA Y HORA DE LA ÚLTIMA TRANSACCIÓN
Fecha y hora de la última transacción 20150929140303.0
008 - CAMPO FIJO DE DESCRIPCIÓN FIJA--INFORMACIÓN GENERAL
Códigos de información de longitud fija   061102n2006 xxu t ||0 | eng d
035 ## - NÚMERO DE CONTROL DEL SISTEMA
Número de control del sistema CES20060016827v
040 ## - FUENTE DE CATALOGACIÓN
Centro catalogador de origen ES-MaCES
Lengua de catalogación spa
Centro transcriptor ES-MaCES
100 1# - ENCABEZAMIENTO PRINCIPAL--NOMBRE PERSONAL
Nombre de persona Ezcurra Orayen, Roberto
9 (RLIN) 11538
245 14 - MENCIÓN DE TÍTULO
Título The Dynamics of Industrial Concentration in the Regions of the European Union
Mención de responsabilidad, etc. Roberto Ezcurra, Pedro Pascual, Manuel Rapún
500 ## - NOTA GENERAL
Nota general Resumen
504 ## - NOTA DE BIBLIOGRAFÍA, ETC.
Nota de bibliografía, etc. Bibliografía: p. 227-229
650 #4 - ASIENTO SECUNDARIO DE MATERIA--TÉRMINO DE MATERIA
Término de materia o nombre geográfico como elemento inicial 1997-1999
9 (RLIN) 31166
650 #4 - ASIENTO SECUNDARIO DE MATERIA--TÉRMINO DE MATERIA
Término de materia o nombre geográfico como elemento inicial cuadros estadísticos
9 (RLIN) 28890
650 #4 - ASIENTO SECUNDARIO DE MATERIA--TÉRMINO DE MATERIA
Término de materia o nombre geográfico como elemento inicial estudio de investigación
9 (RLIN) 29263
650 #4 - ASIENTO SECUNDARIO DE MATERIA--TÉRMINO DE MATERIA
Término de materia o nombre geográfico como elemento inicial distribución geográfica
9 (RLIN) 28777
650 #4 - ASIENTO SECUNDARIO DE MATERIA--TÉRMINO DE MATERIA
Término de materia o nombre geográfico como elemento inicial región industrial
9 (RLIN) 27637
650 #4 - ASIENTO SECUNDARIO DE MATERIA--TÉRMINO DE MATERIA
Término de materia o nombre geográfico como elemento inicial concentración industrial
9 (RLIN) 27638
650 #4 - ASIENTO SECUNDARIO DE MATERIA--TÉRMINO DE MATERIA
Término de materia o nombre geográfico como elemento inicial sector industrial
9 (RLIN) 27618
653 10 - TÉRMINO DE INDEXACIÓN--NO CONTROLADO
Término no controlado Industria-Energía
650 #4 - ASIENTO SECUNDARIO DE MATERIA--TÉRMINO DE MATERIA
9 (RLIN) 26752
Término de materia o nombre geográfico como elemento inicial UE
650 #4 - ASIENTO SECUNDARIO DE MATERIA--TÉRMINO DE MATERIA
9 (RLIN) 27620
Término de materia o nombre geográfico como elemento inicial industria
700 1# - ENCABEZAMIENTO SECUNDARIO--NOMBRE PERSONAL
Nombre de persona Pascual Arzoz, Pedro
9 (RLIN) 20428
700 1# - ENCABEZAMIENTO SECUNDARIO--NOMBRE PERSONAL
Nombre de persona Rapún Gárate, Manuel
9 (RLIN) 21754
773 0# - ENTRADA DE DOCUMENTO FUENTE
Título Growth and change
Parte(s) relacionada(s) vol. 37, no. 2 (June 2006){10254 R. 065080}; p. 200-229
Número de control del registro relacionado (ES-MaCES)25267
Itemnumber del ítem fuente 46498
902 ## - CES. TIPO DE DOCUMENTO
Tipodoc (006$c Sirtex) ART Artículo de revista
942 ## - ELEMENTOS KOHA
Fuente de clasificaión o esquema Clasificación propia del CES
Koha [por defecto] tipo de item Artículos (1982-2017)
Parte de clasificación 5.2.

No hay ítems disponibles.

© CES, Consejo Económico y Social de España 2021